|
|
|
|
| LEADER |
00713nam a2200217Ia 4500 |
| 001 |
CTU_117814 |
| 008 |
210402s9999 xx 000 0 und d |
| 020 |
|
|
|c 97.66
|
| 082 |
|
|
|a 346.8307
|
| 082 |
|
|
|b K95
|
| 100 |
|
|
|a Kubasek, Nancy K.
|
| 245 |
|
4 |
|a The legal environment of business :
|
| 245 |
|
2 |
|b A critical thinking approach
|
| 245 |
|
0 |
|c Nancy K. Kubasek, Bartley A. Brennan, M. Neil Browne
|
| 260 |
|
|
|a New Jersey
|
| 260 |
|
|
|b Pearson Prentice Hall
|
| 260 |
|
|
|c 2006
|
| 650 |
|
|
|a industrial laws and legislation,trade regulation,business law,critical thinking
|
| 650 |
|
|
|z united states,united states,united states
|
| 904 |
|
|
|i Truc
|
| 980 |
|
|
|a Trung tâm Học liệu Trường Đại học Cần Thơ
|